Българското розопроизводство и традиционната култура (Запис номер 327574)
[ съкратено ]
| 000 -Лидер | |
|---|---|
| Контролно поле с фиксирана дължина | 01958nam a2200301 a 4500 |
| 003 - Код на организацията, давaща контролен номер | |
| Контролно поле | BLK |
| 005 - Дата и час на последна редакция | |
| Контролно поле | 20231228163727.0 |
| 008 - Елементи от данни с фиксирана дължина | |
| fixed length control field | 181211b bu a|||gr|||| 00| 0 bu d |
| 020 ## - Международен стандартен номер на книга ISBN | |
| Международен стандартен номер на книга ISBN | 9789543431137 |
| 040 ## - Източник на каталожния запис | |
| Идентификатор на билиотеката - собственик на записа | BLK |
| 041 ## - Код за език | |
| Код за езика на текст/звукозапис или на отделно заглавие | Български |
| -- | Английски |
| Код за езика КДБФ | Български |
| 080 ## - УДК | |
| Текстов определител УДК | Етеричномаслени растения - Роза, жасмин, лавандула, розмарин, здравец, перуника и др. |
| УДК код - определител по УДК | 633.81 |
| УДК определител | (497.2)(091) |
| УДК - код + определител | 633.81(497.2)(091) |
| 080 ## - УДК | |
| Текстов определител УДК | Етерични масла. Парфюмерия. Козметични средства |
| УДК код - определител по УДК | 665.5 |
| УДК определител | (497.2)(091) |
| УДК - код + определител | 665.5(497.2)(091) |
| 100 ## - Редна дума - Автор | |
| R(LIN) | 257447 |
| Автор | Зарев, Косьо Панайотов |
| Авторска отговорност | първи автор |
| 139 ## - Редно поле | |
| Редна дума | Зарев, Косьо Панайотов |
| Авторски знак | Зар - З 34 |
| 245 ## - Сведения за заглавието | |
| Заглавие | Българското розопроизводство и традиционната култура |
| Подзаглавни данни | Косьо Зарев ; състав. Косьо Зарев ; снимки Стефан Димов, Бедрос Азинян |
| 246 ## - Различни форми на заглавието | |
| Паралелно заглавие | Bulgarian rose production and the traditional culture / Kosyo Zarev ; comp. Kosyo Zarev ; photos Stefan Dimov, Bedros Azinian ; transl. in Engl. Virsavia Vaseva |
| 250 ## - Област на изданието | |
| Сведения за изданието | 2. изд. |
| 260 ## - Област на издателските данни | |
| 9 (RLIN) | 391517 |
| Място на издаване, разпространение и проч. | Казанлък |
| Име на издателя, разпространителя и проч. | ИК Янита |
| Година на издаване | 2018 |
| Печатница | Феникс принт |
| Дата на отпечатване | 2018 |
| 300 ## - Физическа характеристика | |
| Страници | 271 с. |
| Илюстрации и др. | с ил. |
| Размери/Мащаб | 24 см |
| 380 ## - Жанр | |
| Жанр | Селско стопанство |
| 500 ## - Общи забележки | |
| Забележка | Пълната форма на името на прев. Вирсавия Васева е Вирсавия Стоянова Васева-Чорбаджийска, погрешно отпеч. в изд. каре Вирсавия Васева-Чорба<br/>1. изд. 2008 на изд. Ирита<br/>Изд. на Ист. музей "Искра" - Казанлък |
| 504 ## - Забележка за наличие на библиография и др | |
| Забележка за наличие на библиография и под. | Библиогр.: с. 118-121, 220-223 |
| 700 ## - Други автори (авторска отговорност) | |
| 9 (RLIN) | 966 |
| Лично име | Васева, Вирсавия Стоянова |
| Автороска отговорност (Описва отношението между автора и произведението) | прев. |
| 852 ## - Местоположение | |
| Форматна сигнатура | Цб 292375 |
| Фондова буква | Хранилище |
| 942 ## - АРТИКУЛИ | |
| Вид на библиотечния материал | Книги |
| Скрит в OPAC | Не |
| 944 ## - СЪЗДАВАНЕ И РЕДАКЦИЯ на ЗАПИСА | |
| Създаване/Редакция | Редакция |
| Дата на регистрацията/редакция | 2023 |
| Служител, извършил регистрацията/редакцията | 30550 |
| Статус, дата на статуса | Кети Илиева |
| 999 ## - СИСТЕМНИ КОНТРОЛНИ НОМЕРА | |
| Koha biblionumber | 327574 |
| Koha biblioitemnumber | 327574 |
| Код за отписване | Код за изгубен артикул | Източник на класификационната схема | Код за повреда | Коз за рестрикции | Код за отдаване | Артикулен № | Име на библиотеката - собственик | Име на библиотеката, в която се намира в момента | Статус (Текущо местоположение) | Дата на вписване в системата | Местоположение - отдел | Цена в лева | Систематично азбучна сигнатура | Баркод | Цена в евро | Служебен тип на артикула | Инвентарен номер |
|---|---|---|---|---|---|---|---|---|---|---|---|---|---|---|---|---|---|
| Не е изгубен | Universal Decimal Classification | Не е повреден | без рестрикции | ползва се в читалня | 686613 | Регионална библиотека "Любен Каравелов" Русе | Регионална библиотека "Любен Каравелов" Русе | Хранилище | 2018-12-13 | Хранилище | 13.00 | Цб 292375 | 120000827430 | 6.65 | Книги | ||
| Не е изгубен | Universal Decimal Classification | Не е повреден | заемане за дома | 938263 | Регионална библиотека "Любен Каравелов" Русе | Регионална библиотека "Любен Каравелов" Русе | Заемна - подръчен фонд | 2024-01-03 | Заемна - подръчен фонд | 12.00 | 633.8/З-34 К | 120000897263 | 6.14 | Книги | 120000897263 |